| 000 | 00480cam a2200157 a 4500 | ||
|---|---|---|---|
| 020 | _a0801438837 (acidfree paper) | ||
| 040 | _cDLC | ||
| 082 | 0 | 0 | _a967 CON 2002 A101 Or. |
| 100 | 1 | _aBarnett, Michael N., | |
| 245 | 1 | 0 |
_aEyewitness to a genocide : _bthe United Nations and Rwanda / |
| 260 |
_aIthaca : _bCornell University Press, _c2002. |
||
| 300 |
_axiii, 215 p. ; _c24 cm. |
||
| 650 | 0 | _aGenocide | |
| 856 | 4 | 1 | _uhttp://www.loc.gov/catdir/toc/fy031/2001005561.html |
| 942 | _cEK | ||
| 999 |
_c13578 _d13578 |
||